| 000 | 00775nam a2200217 a 4500 | ||
|---|---|---|---|
| 008 | 081223s2007 ||||||||||||||||| || u | ||
| 020 | _a0415145090 | ||
| 050 | _aGE 42 One | ||
| 100 | _aHolland, Allan | ||
| 245 | 1 | 0 |
_aEnvironmental values _cJohn O'Neill, Alan Holland and Andrew Light |
| 260 |
_aNew York: _bRoutledge _c2007 |
||
| 300 | _aviii, 233p. | ||
| 350 | _a0.00 | ||
| 490 | _aRoutledge introductions to environment series | ||
| 650 | _aENVIRONMENT | ||
| 650 | _aENVIRONMENTAL ETHICS | ||
| 650 | 0 | _aENVIRONMENTAL POLICY--MACEDONIA | |
| 700 | _aO'neill, John | ||
| 700 | _aLight, Andrew | ||
| 995 |
_D0.00 _FCBU-MAIN LIBRARY (Kitwe) _H1 _I0.00 _M1 _UAVAILABLE _WFeb 17, 2009 _ZMain Library Open Access Collection |
||
| 999 |
_c42294 _d42294 |
||